Muérete ¡y verás!. El pelo de la Dehesa
Furkejuvvon:
| Váldodahkki: | |
|---|---|
| Materiálatiipa: | Girji |
| Giella: | Undetermined |
| Almmustuhtton: |
Madrid, España
Espasa Calpe
1969
|
| Fáttát: | |
| Fáddágilkorat: |
Lasit fáddágilkoriid
Eai fáddágilkorat, Lasit vuosttaš fáddágilkora!
|
MARC
| LEADER | 00000nam a2200000Ia 4500 | ||
|---|---|---|---|
| 008 | 170316s9999 xx 000 0 und d | ||
| 040 | |a cru BVZT | ||
| 090 | |a 862 H-6.1m | ||
| 100 | |a Herreros, Bretón de los | ||
| 245 | |a Muérete ¡y verás!. El pelo de la Dehesa | ||
| 260 | |a Madrid, España | ||
| 260 | |b Espasa Calpe | ||
| 260 | |c 1969 | ||
| 300 | |a 240 páginas | ||
| 650 | |a LITERATURA ESPAÑOLA | ||
| 650 | |a COMEDIAS | ||
| 650 | |a MUERETE ¡Y VERÁS! | ||
| 650 | |a EL PELO DE LA DEHESA | ||
| 999 | |c 9979 |d 9979 | ||
| 942 | |c 15 D |h 862 H-6.1m |2 z | ||
